| 000 | 00000nam##2200000za#4500 |
| 001 | 9.580758 |
| 003 | CaOODSP |
| 005 | 20231208112831 |
| 007 | cr ||||||||||| |
| 008 | 150406|2012||||xxc|||||o f|0| 0 eng|d |
| 040 | |aCaOODSP|beng |
| 043 | |an-cn--- |
| 086 | 1 |aPS82-1/12-3E-PDF |
| 110 | 1 |aCorrectional Service Canada. |bResearch Branch. |
| 245 | 10|aPost release outcomes of Methadone Maintenance Treatment Program (MMTP) participants : |h[electronic resource]|ba comparative study / |cprepared by Mary-Ann MacSwain, Shanna Farrell MacDonald & Madelon Cheverie. |
| 260 | |aOttawa - Ontario : |bCorrectional Service Canada. |cJuly 2012. |
| 300 | |a1p.|btable |
| 490 | 1 |aEmerging research results|vNumber 12-3 |
| 590 | |a14-16-Supp|b2014-09-25 |
| 775 | 08|tRésultats postlibératoires des participants au Programme de traitement d'entretien à la méthadone (PTEM) : |w(CaOODSP)9.607703 |
| 830 | #0|aEmerging research results (Correctional Service Canada)|vNumber 12-3|w(CaOODSP)9.506651 |
| 856 | 40|ahttp://publications.gc.ca|qPDF|s215 KB|uhttps://publications.gc.ca/collections/collection_2014/scc-csc/PS82-1-12-3-eng.pdf|yNumber 12-3 |